Deutschland Quiz - Statistiken

Allgemein
  • Dieses Quiz wurde 114 mal gespielt
    76 seit der letzten Aktualisierung
  • Das Durchschnittsergebnis liegt bei 17 aus 19
Antwortstatistiken
Hint Antwort % Korrekt
Wie viele Bundesländer hat Deutschland? 16
100%
Wie oft wurde Deutschland Fußball-WM-Sieger? 4
100%
Was ist die Hauptstadt von Deutschland? Berlin
100%
Wo liegt das Olympiastadion? Berlin
100%
Was ist die Hauptstadt von Bayern? München
100%
Wie viele Nachbarländer hat Deutschland? 9
99%
Mit welcher Währung zahlt man? Euro
99%
Das größte Bundesland in Deutschland? Bayern
97%
Was ist der längste Fluss in Deutschland? Rhein
97%
Wer ist deutscher Bundeskanzler? Friedrich Merz
96%
Welche Farben hat die Deutschlandflagge? schwarz-rot-gold
96%
Wann war der Mauerfall? 1989
94%
Das kleinste Bundesland in Deutschland? Bremen
93%
Von welchen Bundesland ist Potsdam die Hauptstadt? Brandenburg
91%
In welchem Gewässer liegt Rügen? Ostsee
91%
Wer ist Bundesliga Rekordmeister? Bayern München
84%
Welcher See verbindet 3 Länder? Bodensee
80%
Zeitspanne der deutschen "Schreckenszeit"? 1933-1945
48%
Wie viele Medaillen gewann Deutschland bei Olympia? 33
26%
Keine übereinstimmenden Quizze gefunden
Verteilung der Resultate
Anzahl Personen mit jedem Resultat
Perzentil nach korrekt beantworteten Fragen
Ihre Resultats-Entwicklung
Sie haben dieses Quiz seit der letzten Aktualisierung nicht gespielt